Art in America/ (Record no. 3226)

MARC details
000 -LEADER
campo de control de longitud fija 01416nam a22004217a 4500
003 - IDENTIFICADOR DE NÚMERO DE CONTROL
campo de control OSt
005 - FECHA Y HORA DE LA ÚLTIMA TRANSACCIÓN
campo de control 20230315144004.0
008 - DATOS DE LONGITUD FIJA--INFORMACIÓN GENERAL
campo de control de longitud fija 221006b |||||||| |||| 00| 0 eng d
040 ## - FUENTE DE CATALOGACIÓN
Centro/agencia transcriptor Biblioteca Lado V
082 ## - NÚMERO DE LA CLASIFICACIÓN DECIMAL DEWEY
Número de clasificación 701.1
Número de ítem B167a
100 ## - ENTRADA PRINCIPAL--NOMBRE DE PERSONA
9 (RLIN) 783
Nombre de persona Baker, Elizabeth C.
Término indicativo de función/relación editora
245 ## - MENCIÓN DEL TÍTULO
Título Art in America/
Resto del título International Review/
260 ## - PUBLICACIÓN, DISTRIBUCIÓN, ETC.
Nombre del editor, distribuidor, etc. Whitney Communications Corporation Magazine Division
Fecha de publicación, distribución, etc. 2009
Lugar de publicación, distribución, etc. New York
300 ## - DESCRIPCIÓN FÍSICA
Dimensiones 22x29cm
Extensión 200p.
366 ## - INFORMACIÓN SOBRE DISPONIBILIDAD COMERCIAL
Nota eng
490 ## - MENCIÓN DE SERIE
Mención de serie Octubre
Designación de volumen o secuencia 2009
505 ## - NOTA DE CONTENIDO CON FORMATO
Título Homepage
505 ## - NOTA DE CONTENIDO CON FORMATO
Título Insight
505 ## - NOTA DE CONTENIDO CON FORMATO
Título Revision 11
505 ## - NOTA DE CONTENIDO CON FORMATO
Título Remembering
505 ## - NOTA DE CONTENIDO CON FORMATO
Título Curating
505 ## - NOTA DE CONTENIDO CON FORMATO
Título In the Studio
505 ## - NOTA DE CONTENIDO CON FORMATO
Título Propaganda in the Garden
Nota de contenido con formato - Earthly Homage<br/>- Green Acres: Maxwell Anderson<br/>- Hybrid Field
505 ## - NOTA DE CONTENIDO CON FORMATO
Título Escape Hatch: Janine Antoni
505 ## - NOTA DE CONTENIDO CON FORMATO
Título Looking for James Ensor
505 ## - NOTA DE CONTENIDO CON FORMATO
Título Searchin Every Which A-Way
505 ## - NOTA DE CONTENIDO CON FORMATO
Título Selling the Sizzle
505 ## - NOTA DE CONTENIDO CON FORMATO
Título John Baldessari: An Interview
505 ## - NOTA DE CONTENIDO CON FORMATO
Título Reviews
505 ## - NOTA DE CONTENIDO CON FORMATO
Título Artworld
650 ## - PUNTO DE ACCESO ADICIONAL DE MATERIA--TÉRMINO DE MATERIA
Fuente del encabezamiento o término Tesauro de Arte & Arquitectura
Término de materia o nombre geográfico como elemento de entrada ARTE
9 (RLIN) 703
650 ## - PUNTO DE ACCESO ADICIONAL DE MATERIA--TÉRMINO DE MATERIA
Fuente del encabezamiento o término Tesauro de Arte & Arquitectura
Término de materia o nombre geográfico como elemento de entrada CRITICA
650 ## - PUNTO DE ACCESO ADICIONAL DE MATERIA--TÉRMINO DE MATERIA
Fuente del encabezamiento o término Tesauro de Arte & Arquitectura
Término de materia o nombre geográfico como elemento de entrada APRECIACION
650 ## - PUNTO DE ACCESO ADICIONAL DE MATERIA--TÉRMINO DE MATERIA
Fuente del encabezamiento o término Tesauro de Arte & Arquitectura
Término de materia o nombre geográfico como elemento de entrada COLECCIONISMO
650 ## - PUNTO DE ACCESO ADICIONAL DE MATERIA--TÉRMINO DE MATERIA
Fuente del encabezamiento o término Tesauro de Arte & Arquitectura
Término de materia o nombre geográfico como elemento de entrada ARTE - USA
700 ## - ENTRADA AGREGADA--NOMBRE PERSONAL
Nombre de persona Shanley, Paul
Término indicativo de función/relación publicista
942 ## - ELEMENTOS DE ENTRADA SECUNDARIOS (KOHA)
Fuente del sistema de clasificación o colocación Clasificación Decimal Dewey
Tipo de ítem Koha Libros
Parte de la signatura que corresponde a la clasificación (Parte de la clasificación) 701.1
Parte de la signatura que identifica el ejemplar (Parte del ítem) B167a
Suprimir en OPAC No
Holdings
Estatus retirado Estado de pérdida Fuente del sistema de clasificación o colocación Especificación de materiales (volumen encuadernado u otra parte) Estado de daño No para préstamo Colección Biblioteca de origen Biblioteca actual Fecha de adquisición Enumeración/cronología de publicación seriada Número de inventario Total de préstamos Signatura topográfica completa Código de barras Visto por última vez Precio de reemplazo Tipo de ítem Koha
    Clasificación Decimal Dewey 2010     Revistas Biblioteca LadoV Biblioteca LadoV 15/03/2023 Mayo 002696   701.1 B167a 002696 15/03/2023 15/03/2023 Libros
    Clasificación Decimal Dewey 2010     Revistas Biblioteca LadoV Biblioteca LadoV 15/03/2023 Abril 002695   701.1 B167a 002695 15/03/2023 15/03/2023 Libros
    Clasificación Decimal Dewey 2008     Revistas Biblioteca LadoV Biblioteca LadoV 15/03/2023 Junio-Julio 002679   701.1 B167a 002679 15/03/2023 15/03/2023 Libros
    Clasificación Decimal Dewey 2009     Revistas Biblioteca LadoV Biblioteca LadoV 15/03/2023 Diciembre 002692   701.1 B167a 002692 15/03/2023 15/03/2023 Libros
    Clasificación Decimal Dewey 2009     Revistas Biblioteca LadoV Biblioteca LadoV 15/03/2023 Noviembre 002691   701.1 B167a 002691 15/03/2023 15/03/2023 Libros
    Clasificación Decimal Dewey 2009     Revistas Biblioteca LadoV Biblioteca LadoV 15/03/2023 Febrero 002685   701.1 B167a 002685 15/03/2023 15/03/2023 Libros
    Clasificación Decimal Dewey 2009     Revistas Biblioteca LadoV Biblioteca LadoV 15/03/2023 Marzo 002686   701.1 B167a 002686 15/03/2023 15/03/2023 Libros
    Clasificación Decimal Dewey 2009     Revistas Biblioteca LadoV Biblioteca LadoV 15/03/2023 Junio-Julio 002687   701.1 B167a 002687 15/03/2023 15/03/2023 Libros
    Clasificación Decimal Dewey 2009     Revistas Biblioteca LadoV Biblioteca LadoV 15/03/2023 Octubre 002690   701.1 B167a 002690 15/03/2023 15/03/2023 Libros